000 00546cam a2200205ua 4500
001 3784
005 20260515113729.0
008 111221n ii |||gr||||Z||||||asm
020 _a81-7339-007-X
040 _cMAIN
082 _a398.054
100 _aSaikia, Nagen,
245 1 1 _aBharatar sanskritik aitijya aru anyanya rachana
_cby Nagen Saikia
250 _a1st.
260 _aDibrugarh:
_bBanalata,993.
300 _a168p:
_c23cm.
653 _aAssamese folklore
653 _aBharatar sanskritik aitijya aru anyanya rachana
942 _cBK
999 _c3608
_d3608